| 000 | 00899aam a2200313 i 4500 | ||
|---|---|---|---|
| 001 | 768714001 | ||
| 003 | CO-MdFUSB | ||
| 005 | 20250510132436.0 | ||
| 007 | ta | ||
| 008 | 250510t1996 ck |||| |||| 00| 0 spa d | ||
| 020 | _a958-9149-56-1 | ||
| 040 | _cCO-MdFUSB | ||
| 041 | 0 | _aspa | |
| 082 | 0 | 4 |
_223 _a243 _bV572p |
| 100 | 1 |
_aVerwer, Jorge _eautor |
|
| 240 | _aLiterature evangelism | ||
| 245 | 1 | 3 |
_aEl poder de la página impresa _c/ George Verwer ; traducido por Roberto Riveros |
| 264 | 1 |
_bCentros de Literatura Cristiana, _aSantafé de Bogotá : _c[1996] |
|
| 264 | 4 | _c©1996 | |
| 300 | _a143 páginas | ||
| 336 |
_atexto _btxt _2rdacontent |
||
| 337 |
_2rdamedia _asin mediación _bn |
||
| 338 |
_2rdacarrier _avolumen _bnc |
||
| 563 | _aRústico | ||
| 650 | 0 |
_aEvangelización _9362 |
|
| 700 |
_aRiveros, Roberto, _911453 _etraductor |
||
| 942 | _cBK | ||
| 945 | _aJTF-925 | ||
| 999 |
_c43609 _d43609 |
||